00301cam a22000977a 4500008004000000082001800040100002400058245009300082260001800175300001000193180718b1963 xxu||||| |||| 00| 0 eng d aB73x5413 P886 aPrasad, Ram Chandra aVillage government in Bihar : a case study of a village panchayatcby Ram Chandra Prasad aDelhibc1963 a474p.